Barbie Quiz 👱‍♀️ - Statistics

General Stats
  • This quiz has been taken 882 times
    110 since last reset
  • The average score is 9 of 19
Answer Stats
Hint Answer % Correct
Title of the 2023 movie Barbie
93%
Barbie's longtime boyfriend, introduced in 1961 Ken
88%
Her first name Barbara
76%
Company that manufactures Barbie Mattel
76%
Actress who played Barbie in the 2023 movie Margot Robbie
73%
Group that released "Barbie Girl" in 1997 Aqua
67%
Dollhouse introduced by Mattel in 1962 Dreamhouse
65%
Other major movie released the same day as the 2023 movie Oppenheimer
59%
Barbie’s younger sister, with purple streak in hair Skipper
54%
Year Barbie was introduced 1959
49%
Her last name Roberts
40%
Pop artist who painted Barbie in 1986 Andy Warhol
38%
Her middle name Millicent
33%
Animated movie franchise with multiple Barbie appearances Toy Story
30%
The 1994 Simpsons parody of Barbie Malibu Stacy
21%
American businesswoman who created Barbie Ruth Handler
18%
Title of the 2001 CGI movie Barbie in the {Nutcracker}
16%
Country where the first Barbie Café opened in 2013 Taiwan
8%
Doll line meant to be her mod, British-inspired cousin Francie
4%
No matching quizzes found
Score Distribution
Percent of People with Each Score
Percentile by Number Answered
Your Score History
You have not taken this quiz since the last reset